100 houses of the world´s best

Gespeichert in:
Bibliographische Detailangaben
Format: Buch
Veröffentlicht: Victoria : Images Publishing Group, 2002
Tags: Tag hinzufügen
Keine Tags, Fügen Sie das erste Tag hinzu!

MARC

LEADER 00000nam a22000003a 4500
001 stu109092
005 20150408182206.4
008 060217s2002----at----------------------d
020 |a 1 87690 742 8 
040 |a STU  |b slo 
041 0
044 |a at 
245 |a 100 houses of the world´s best 
260 |a Victoria :  |b Images Publishing Group,  |c 2002 
300 |a 344 s 
996 |c A*4557  |l AA1110  |s P  |a 0  |w stu109092_0001